000 00276nam a2200133Ia 4500
100 _aZaks/R/ Labiak/W
942 _cBK
654 _aProgramming
245 _aProgramming The 6809
260 _bSybex
_aBerkeley
_c1982
082 _a1.6
300 _a362
546 _aENGLISH
999 _c32208
_d32208